| 000 | 00776nam a22002177a 4500 | ||
|---|---|---|---|
| 003 | OSt | ||
| 005 | 20230224094904.0 | ||
| 008 | 220916b |||||||| |||| 00| 0 eng d | ||
| 020 | _a959 240 041 7 | ||
| 040 | _cBiblioteca Lado V | ||
| 082 |
_a741.64 _bW516t |
||
| 100 |
_9748 _aWest Duran, Alan _eautor |
||
| 245 | _aEl Tejido de Asterion o las mascaras del Logos/ | ||
| 260 |
_aCuba _bEdiciones VigĂa _c2000 |
||
| 300 |
_a16p. _c16x24cm _bLIBRO INTERVENIDO ARTISTICAMENTE DESDE LA PORTADA |
||
| 650 |
_2Tesauro de Arte & Arquitectura _aLIBRO-ARTE |
||
| 650 |
_2Tesauro de Arte & Arquitectura _aLIBRETO |
||
| 650 |
_2Tesauro de Arte & Arquitectura _aLITERATURA |
||
| 651 |
_2Tesauro de Arte & Arquitectura _aCUBA |
||
| 942 |
_2ddc _c1 _h741.64 _iW516t _n0 |
||
| 999 |
_c3064 _d3064 |
||